[Event "Victoria Grand Pacific op"]
[Site "Victoria"]
[Date "2018.04.02"]
[Round "6.6"]
[White "Bashkansky, Naomi"]
[Black "Cao, Jason"]
[Result "1/2-1/2"]
[WhiteElo "2080"]
[BlackElo "2423"]
[PlyCount "143"]
[EventDate "2018.03.30"]
[EventType "swiss"]
[EventRounds "6"]
[EventCountry "CAN"]
[SourceTitle "EXT 2022"]
[Source "ChessBase"]
[SourceDate "2021.10.06"]
[SourceVersion "1"]
[SourceVersionDate "2021.10.06"]
[SourceQuality "1"]

1. d4 Nf6 2. c4 e6 3. Nc3 Bb4 4. e3 0-0 5. Bd3 d5 6. cxd5 exd5 7. Nge2 Re8 8. 0-0 b6 9. f3 Bb7 10. g4 c5 11. a3 Bxc3 12. bxc3 Ba6 13. Bxa6 Nxa6 14. Ng3 h6 15. h4 Qc7 16. Ne2 Qd6 17. Qd3 Nc7 18. g5 Nd7 19. e4 dxe4 20. fxe4 hxg5 21. hxg5 cxd4 22. cxd4 Qg6 23. Nc3 Rad8 24. Ra2 Ne5 25. Qe3 Nc6 26. Qg3 Qd6 27. Qxd6 Rxd6 28. Bf4 Rd7 29. d5 Ne5 30. Rc2 Na6 31. Bxe5 Rxe5 32. Rf5 Re8 33. g6 f6 34. Rh2 Kf8 35. d6 Rxd6 36. Nd5 Rxd5 37. Rh8+ Ke7 38. Rxe8+ Kxe8 39. exd5 Nc7 40. Kf2 Ke7 41. Ke3 a5 42. a4 Kd6 43. Ke4 Ke7 44. Rf3 b5 45. d6+ Kxd6 46. Rxf6+ Ne6 47. Rf5 bxa4 48. Rxa5 Nc5+ 49. Ke3 Kd5 50. Ra7 Ne6 51. Rxa4 Ke5 52. Ra5+ Kf6 53. Ra6 Kf5 54. Kf3 Nf8 55. Ra7 Nxg6 56. Rxg7 Ne5+ 57. Ke3 Ng4+ 58. Kd4 Nf6 59. Rf7 Ke6 60. Ra7 Kf5 61. Ra5+ Ke6 62. Rb5 Nd7 63. Ke4 Nf6+ 64. Kf4 Nd5+ 65. Kg4 Ke5 66. Ra5 Ke4 67. Ra1 Ke5 68. Re1+ Kd4 69. Re8 Ne3+ 70. Kf4 Nd5+ 71. Kf5 Ne3+ 72. Ke6 1/2-1/2

[Event "Victoria Grand Pacific op"]
[Site "Victoria"]
[Date "2018.04.01"]
[Round "5.9"]
[White "Cao, Jason"]
[Black "Bremner, William"]
[Result "1-0"]
[WhiteElo "2423"]
[BlackElo "1845"]
[PlyCount "87"]
[EventDate "2018.03.30"]
[EventType "swiss"]
[EventRounds "6"]
[EventCountry "CAN"]
[SourceTitle "EXT 2022"]
[Source "ChessBase"]
[SourceDate "2021.10.06"]
[SourceVersion "1"]
[SourceVersionDate "2021.10.06"]
[SourceQuality "1"]

1. Nf3 d5 2. g3 Nf6 3. Bg2 Bf5 4. d3 e6 5. Nbd2 h6 6. 0-0 Be7 7. c4 c6 8. b3 0-0 9. Bb2 Nbd7 10. Re1 Bh7 11. Qc2 a5 12. a3 Qb6 13. Qc3 Rfd8 14. Rad1 Bf8 15. h3 Nc5 16. Rc1 dxc4 17. Qxc4 Ncd7 18. e4 Qa6 19. Qc2 Nc5 20. Bf1 Ncd7 21. d4 Qb6 22. Bd3 Re8 23. Kg2 Qc7 24. Nc4 Be7 25. Rcd1 Bf8 26. Bc1 Qd8 27. Ne3 Nb6 28. Ng4 Nbd7 29. Qd2 Qc7 30. e5 Nd5 31. Bxh7+ Kxh7 32. Re4 Rac8 33. Qd3 Kg8 34. Nxh6+ gxh6 35. Rg4+ Kh8 36. Rh4 f5 37. g4 f4 38. Qg6 N7b6 39. Ng5 Re7 40. Nxe6 Qd7 41. Nxf8 Rxf8 42. e6 Qc7 43. Qxh6+ Kg8 44. Qh8# 1-0

[Event "Calgary op 10th"]
[Site "Calgary"]
[Date "2017.08.07"]
[Round "9"]
[White "Niemann, Hans Moke"]
[Black "Cao, Jason"]
[Result "1/2-1/2"]
[WhiteElo "2254"]
[BlackElo "2328"]
[PlyCount "70"]
[EventDate "2017.08.02"]
[EventType "swiss"]
[EventRounds "9"]
[EventCountry "CAN"]
[SourceTitle "EXT 2018"]
[Source "ChessBase"]
[SourceDate "2017.10.13"]
[SourceVersion "1"]
[SourceVersionDate "2017.10.13"]
[SourceQuality "1"]

1. d4 Nf6 2. c4 e6 3. Nc3 Bb4 4. Bg5 h6 5. Bh4 b6 6. f3 c5 7. d5 0-0 8. e4 Re8 9. Nge2 exd5 10. cxd5 d6 11. a3 Ba5 12. Bf2 Nbd7 13. Rb1 c4 14. Ng3 b5 15. Be2 Qc7 16. 0-0 Rb8 17. b4 Bb6 18. Nf5 Bxf2+ 19. Rxf2 Ne5 20. Nd4 Bd7 21. Nc2 Rec8 22. Qd4 a5 23. Ne3 Ra8 24. Rff1 axb4 25. axb4 Qa7 26. Qxa7 Rxa7 27. Nc2 Ne8 28. Ra1 Rca8 29. Rxa7 Rxa7 30. Ra1 Rxa1+ 31. Nxa1 Nc7 32. Nc2 f5 33. Kf2 fxe4 34. fxe4 Kf7 35. Nd4 Kf6 1/2-1/2

[Event "Calgary op 10th"]
[Site "Calgary"]
[Date "2017.08.05"]
[Round "5"]
[White "Preotu, Razvan"]
[Black "Cao, Jason"]
[Result "1-0"]
[WhiteElo "2501"]
[BlackElo "2328"]
[PlyCount "71"]
[EventDate "2017.08.02"]
[EventType "swiss"]
[EventRounds "9"]
[EventCountry "CAN"]
[SourceTitle "CBM 179 Extra"]
[Source "ChessBase"]
[SourceDate "2017.08.23"]
[SourceVersion "1"]
[SourceVersionDate "2017.08.23"]
[SourceQuality "1"]

1. e4 c5 2. Nf3 e6 3. d3 Nc6 4. g3 Nf6 5. Bg2 d5 6. Nbd2 Be7 7. 0-0 b6 8. Re1 Bb7 9. c3 Qc7 10. Qe2 0-0-0 11. a3 Ba6 12. e5 Nd7 13. b4 Kb8 14. Rb1 cxb4 15. axb4 Bb7 16. Nb3 b5 17. Nc5 Bxc5 18. bxc5 a6 19. Ba3 Na7 20. Ng5 Nxc5 21. Bxc5 Qxc5 22. Nxf7 Qxc3 23. Nxh8 Rxh8 24. Qg4 Re8 25. Qxg7 Qxd3 26. Rbc1 Rc8 27. Qd7 Qd2 28. Rcd1 Qh6 29. f4 Nc6 30. Qd6+ Ka8 31. Bxd5 Rd8 32. Bxc6 Rxd6 33. Bxb7+ Kxb7 34. exd6 Kc8 35. d7+ Kd8 36. f5 1-0

[Event "Grand Pacific op 11th"]
[Site "Victoria"]
[Date "2017.04.17"]
[Round "6"]
[White "Sohal, Tanraj"]
[Black "Cao, Jason"]
[Result "1/2-1/2"]
[WhiteElo "2301"]
[BlackElo "2336"]
[PlyCount "33"]
[EventDate "2017.04.14"]
[EventType "tourn"]
[EventRounds "6"]
[EventCountry "CAN"]
[SourceTitle "CBM 178 Extra"]
[Source "ChessBase"]
[SourceDate "2017.06.22"]
[SourceVersion "1"]
[SourceVersionDate "2017.06.22"]
[SourceQuality "1"]

1. d4 Nf6 2. Nf3 e6 3. e3 b6 4. Bd3 Bb7 5. 0-0 d5 6. Ne5 Bd6 7. f4 0-0 8. Rf3 Ne4 9. Rh3 f5 10. Nd2 Nd7 11. Nxe4 dxe4 12. Nxd7 Qxd7 13. Be2 Rad8 14. b3 c5 15. Bb2 cxd4 16. Qxd4 Bc5 17. Qe5 1/2-1/2

[Event "Grand Pacific op 11th"]
[Site "Victoria"]
[Date "2017.04.16"]
[Round "4"]
[White "Cao, Jason"]
[Black "Wu, Howard"]
[Result "1-0"]
[WhiteElo "2336"]
[BlackElo "2110"]
[PlyCount "103"]
[EventDate "2017.04.14"]
[EventType "tourn"]
[EventRounds "6"]
[EventCountry "CAN"]
[SourceTitle "CBM 178 Extra"]
[Source "ChessBase"]
[SourceDate "2017.06.22"]
[SourceVersion "1"]
[SourceVersionDate "2017.06.22"]
[SourceQuality "1"]

1. e4 c5 2. Nf3 g6 3. d4 cxd4 4. Nxd4 Nc6 5. Nc3 Bg7 6. Be3 Nf6 7. Bc4 0-0 8. Bb3 Qa5 9. 0-0 d6 10. h3 Bd7 11. f4 Nxd4 12. Bxd4 Bc6 13. Qd3 Nd7 14. Bxg7 Kxg7 15. Rf2 Nc5 16. Qd4+ Kg8 17. Bd5 Qb6 18. b3 Na4 19. Qxb6 Nxb6 20. Bxc6 bxc6 21. Rd1 Rac8 22. Rfd2 f5 23. g3 fxe4 24. Nxe4 Nd5 25. c4 Ne3 26. Re1 Nf5 27. Kg2 h6 28. g4 Ng7 29. Kg3 Rf7 30. c5 d5 31. Nf2 Ne8 32. Re6 Nf6 33. Rd4 Nd7 34. b4 Nf8 35. Re2 Nd7 36. h4 Kg7 37. g5 hxg5 38. hxg5 e5 39. fxe5 Rf5 40. e6 Ne5 41. Nh3 Re8 42. Rf4 Rxe6 43. Rxf5 gxf5 44. Nf4 Re7 45. b5 cxb5 46. Nxd5 Re6 47. c6 Rxc6 48. Rxe5 Ra6 49. Rxf5 Rxa2 50. Nf4 b4 51. Ne6+ Kg8 52. g6 1-0

[Event "British Columbia-op"]
[Site "Richmond"]
[Date "2016.02.08"]
[Round "5.2"]
[White "Sohal, Tanraj"]
[Black "Cao, Jason"]
[Result "1-0"]
[WhiteElo "2382"]
[BlackElo "2386"]
[PlyCount "61"]
[EventDate "2016.02.06"]
[EventType "swiss"]
[EventRounds "6"]
[EventCountry "CAN"]
[SourceTitle "EXT 2022"]
[Source "ChessBase"]
[SourceDate "2021.10.06"]
[SourceVersion "1"]
[SourceVersionDate "2021.10.06"]
[SourceQuality "1"]

1. d4 Nf6 2. Nf3 e6 3. e3 b6 4. Bd3 Bb7 5. 0-0 d5 6. Ne5 Bd6 7. f4 0-0 8. Rf3 Ne4 9. Rh3 f5 10. Nd2 Nxd2 11. Bxd2 Ba6 12. Qh5 h6 13. g4 Bxe5 14. dxe5 Bxd3 15. cxd3 Qe8 16. Qh4 Qg6 17. Rg3 fxg4 18. Rxg4 Qf5 19. Kh1 Rf7 20. Rag1 Kh8 21. Qg3 Qh7 22. Rg6 Nd7 23. f5 Nf8 24. e4 dxe4 25. dxe4 Rd7 26. Rg4 exf5 27. exf5 Qxf5 28. Rxg7 Qe4+ 29. Rg2 Ne6 30. Rxd7 Rf8 31. h4 1-0

[Event "British Columbia-op"]
[Site "Richmond"]
[Date "2016.02.06"]
[Round "2.1"]
[White "Cao, Jason"]
[Black "Doknjas, Joshua"]
[Result "1-0"]
[WhiteElo "2386"]
[BlackElo "2178"]
[PlyCount "47"]
[EventDate "2016.02.06"]
[EventType "swiss"]
[EventRounds "6"]
[EventCountry "CAN"]
[SourceTitle "EXT 2022"]
[Source "ChessBase"]
[SourceDate "2021.10.06"]
[SourceVersion "1"]
[SourceVersionDate "2021.10.06"]
[SourceQuality "1"]

1. Nf3 c5 2. c4 Nc6 3. d4 cxd4 4. Nxd4 Qb6 5. Nb3 e6 6. Nc3 Nf6 7. e4 Bb4 8. Be3 Qc7 9. f3 Bxc3+ 10. bxc3 d6 11. Be2 0-0 12. Qd2 b6 13. Rd1 Rd8 14. Bg5 Ne5 15. Bxf6 gxf6 16. f4 Nc6 17. 0-0 Kf8 18. Bh5 Na5 19. f5 e5 20. Qh6+ Ke7 21. Bxf7 Nxb3 22. Bd5 Ke8 23. Bxa8 Nc5 24. Qxf6 1-0

[Event "Victoria op Scheveningen"]
[Site "Victoria"]
[Date "2016.01.17"]
[Round "4.3"]
[White "Doknjas, John"]
[Black "Cao, Jason"]
[Result "1-0"]
[WhiteElo "2274"]
[BlackElo "2399"]
[PlyCount "101"]
[EventDate "2016.01.15"]
[EventType "schev"]
[EventRounds "5"]
[EventCountry "CAN"]
[SourceTitle "EXT 2022"]
[Source "ChessBase"]
[SourceDate "2021.10.06"]
[SourceVersion "1"]
[SourceVersionDate "2021.10.06"]
[SourceQuality "1"]

1. d4 d5 2. c4 c6 3. cxd5 cxd5 4. Nc3 Nf6 5. Bf4 Nc6 6. e3 Bf5 7. Qb3 Na5 8. Bb5+ Bd7 9. Qa4 e6 10. Nf3 a6 11. Bxd7+ Nxd7 12. 0-0 b5 13. Qd1 Be7 14. Qd3 Nf6 15. Rfc1 Bd6 16. Bxd6 Qxd6 17. Ne2 0-0 18. Rc2 Rac8 19. Rac1 Nc4 20. b3 Nb6 21. Ne5 Nfd7 22. Nxd7 Rxc2 23. Qxc2 Qxd7 24. Qc6 Qxc6 25. Rxc6 Rb8 26. g4 a5 27. Nf4 a4 28. Nd3 axb3 29. axb3 Nd7 30. Rc7 Nb6 31. Ne5 f6 32. Nc6 Ra8 33. Rb7 Ra6 34. Nb4 Ra1+ 35. Kg2 Nc8 36. Rxb5 Kf7 37. Nd3 Nd6 38. Rb6 Ne4 39. Nc5 Ra2 40. Nxe4 dxe4 41. b4 Rb2 42. b5 h6 43. Rb7+ Kf8 44. b6 Kg8 45. Rb8+ Kf7 46. Kg3 e5 47. d5 Ke7 48. b7 Kd6 49. Rd8+ Kc7 50. Rg8 g5 51. d6+ 1-0

[Event "Victoria op Scheveningen"]
[Site "Victoria"]
[Date "2016.01.16"]
[Round "3.4"]
[White "Cao, Jason"]
[Black "Doknjas, Joshua"]
[Result "1-0"]
[WhiteElo "2399"]
[BlackElo "2198"]
[PlyCount "85"]
[EventDate "2016.01.15"]
[EventType "schev"]
[EventRounds "5"]
[EventCountry "CAN"]
[SourceTitle "EXT 2022"]
[Source "ChessBase"]
[SourceDate "2021.10.06"]
[SourceVersion "1"]
[SourceVersionDate "2021.10.06"]
[SourceQuality "1"]

1. Nf3 c5 2. c4 Nc6 3. Nc3 e5 4. e3 Nf6 5. d4 e4 6. Ng5 Qe7 7. d5 Nb4 8. a3 Na6 9. Qc2 Nxd5 10. Nxd5 Qxg5 11. Qxe4+ Kd8 12. Bd2 Qg6 13. Qh4+ f6 14. Bc3 Nc7 15. 0-0-0 Nxd5 16. Rxd5 d6 17. Bd3 Qxg2 18. Rd1 Qg4 19. Bxf6+ Kc7 20. Qxg4 Bxg4 21. Rg1 h5 22. Bc3 Be7 23. Bxg7 Rhg8 24. Bh6 Rh8 25. Bf4 b6 26. Bf5 Bxf5 27. Rxf5 Raf8 28. Rxf8 Rxf8 29. Rg7 Kd8 30. Kc2 Rf5 31. Rg1 Kd7 32. Kd3 a6 33. Rg8 Rf8 34. Rxf8 Bxf8 35. Ke4 Ke6 36. a4 Bg7 37. b3 Bf6 38. Bh6 Bd8 39. f4 b5 40. axb5 axb5 41. f5+ Kf6 42. cxb5 Ba5 43. h4 1-0

[Event "Kitchener CAN Masters"]
[Site "Kitchener"]
[Date "2015.08.04"]
[Round "10"]
[White "Krnan, Tomas"]
[Black "Cao, Jason"]
[Result "1-0"]
[WhiteElo "2428"]
[BlackElo "2332"]
[PlyCount "127"]
[EventDate "2015.07.31"]
[EventType "schev"]
[EventRounds "10"]
[EventCountry "CAN"]
[SourceTitle "EXT 2016"]
[Source "ChessBase"]
[SourceDate "2015.10.08"]
[SourceVersion "1"]
[SourceVersionDate "2015.10.08"]
[SourceQuality "1"]
[WhiteTeam "Team 2"]
[BlackTeam "Team 1"]
[WhiteTeamCountry "CAN"]
[BlackTeamCountry "CAN"]

1. e4 c5 2. Nf3 d6 3. d4 cxd4 4. Nxd4 Nf6 5. Nc3 a6 6. g3 e5 7. Nde2 Be7 8. Bg2 b5 9. Nd5 Nxd5 10. Qxd5 Ra7 11. Be3 Be6 12. Qd2 Rb7 13. Nc3 Nd7 14. Nd5 Nf6 15. Nxe7 Rxe7 16. Bg5 Rc7 17. 0-0-0 Rc6 18. f4 Qe7 19. Kb1 0-0 20. f5 Bc8 21. g4 Rd8 22. h4 Rc4 23. h5 h6 24. Bh4 Bb7 25. b3 Rd4 26. Qe2 Re8 27. Kb2 Rc8 28. Rd3 Qc7 29. Bxf6 gxf6 30. Rhh3 Rxd3 31. Rxd3 Kg7 32. Qd2 Rd8 33. Qb4 Rc8 34. Qd2 Rd8 35. Qe3 Rc8 36. Rc3 Qxc3+ 37. Qxc3 Rxc3 38. Kxc3 Kf8 39. Kb4 Ke7 40. Ka5 Kd7 41. Kb6 Kc8 42. a4 bxa4 43. bxa4 Kb8 44. a5 Kc8 45. c3 Kb8 46. Bh1 Kc8 47. Bf3 Kb8 48. g5 fxg5 49. f6 Bc8 50. Kc6 Bh3 51. Kxd6 g4 52. Bh1 g3 53. Ke7 g2 54. Bxg2 Bxg2 55. Kxf7 Bf3 56. Kg7 Bxh5 57. Kxh6 Be8 58. Kg7 Kc7 59. f7 Bxf7 60. Kxf7 Kc6 61. Ke6 Kb5 62. Kxe5 Kxa5 63. Kd6 Kb6 64. e5 1-0

[Event "Kitchener CAN Masters"]
[Site "Kitchener"]
[Date "2015.08.02"]
[Round "5"]
[White "Cao, Jason"]
[Black "Viswanadha, Kesav"]
[Result "1/2-1/2"]
[WhiteElo "2332"]
[BlackElo "2367"]
[PlyCount "151"]
[EventDate "2015.07.31"]
[EventType "schev"]
[EventRounds "10"]
[EventCountry "CAN"]
[SourceTitle "EXT 2016"]
[Source "ChessBase"]
[SourceDate "2015.10.08"]
[SourceVersion "1"]
[SourceVersionDate "2015.10.08"]
[SourceQuality "1"]
[WhiteTeam "Team 1"]
[BlackTeam "Team 2"]
[WhiteTeamCountry "CAN"]
[BlackTeamCountry "CAN"]

1. e4 e5 2. Nf3 Nc6 3. Bb5 a6 4. Ba4 Nf6 5. d3 d6 6. 0-0 b5 7. Bb3 Na5 8. Nc3 Nxb3 9. axb3 Bd7 10. h3 c5 11. Nh2 Be7 12. f4 exf4 13. Bxf4 0-0 14. Qf3 Be6 15. Nd5 Bxd5 16. exd5 Qd7 17. Rae1 Ne8 18. Ng4 f5 19. Nh2 Nc7 20. c4 Bf6 21. Qg3 Bd4+ 22. Kh1 Rf6 23. Re2 Re8 24. Rfe1 Rg6 25. Qh4 Bf6 26. Qh5 Rxe2 27. Rxe2 Bd8 28. Nf3 Rf6 29. Bg5 Rf8 30. Bxd8 Rxd8 31. Ng5 g6 32. Qh4 Re8 33. Rxe8+ Nxe8 34. Ne6 bxc4 35. dxc4 Qf7 36. Qd8 h6 37. Qc8 f4 38. Kg1 a5 39. Qd8 g5 40. Kf2 Kh7 41. Qxa5 Qf6 42. Qc3 Qf5 43. Kg1 Nf6 44. Nf8+ Kg7 45. Ne6+ Kg6 46. Qe1 Ne4 47. b4 cxb4 48. Qxb4 f3 49. gxf3 Qxf3 50. Qe1 h5 51. Nd4 Qd3 52. Ne6 Qxc4 53. Qe3 Qxd5 54. Nd4 Qe5 55. b4 g4 56. hxg4 hxg4 57. b5 d5 58. b6 g3 59. b7 Qh8 60. Nf3 Qa1+ 61. Kg2 Qb2+ 62. Nd2 Kf5 63. Qf3+ Ke6 64. Qg4+ Ke7 65. Qe2 Qxb7 66. Nxe4 dxe4 67. Kxg3 Qc7+ 68. Kg4 Qe5 69. Qe3 Ke6 70. Qb6+ Kf7 71. Qa7+ Kf6 72. Qb6+ Ke7 73. Qa7+ Ke6 74. Qb6+ Kd5 75. Qb5+ Kd4 76. Qb2+ 1/2-1/2

[Event "Francophone-ch 3rd"]
[Site "Montreal"]
[Date "2015.07.19"]
[Round "4"]
[White "Edouard, Romain"]
[Black "Cao, Jason"]
[Result "1-0"]
[WhiteElo "2639"]
[BlackElo "2332"]
[PlyCount "51"]
[EventDate "2015.07.17"]
[EventType "swiss"]
[EventRounds "9"]
[EventCountry "CAN"]
[SourceTitle "EXT 2016"]
[Source "ChessBase"]
[SourceDate "2015.10.08"]
[SourceVersion "1"]
[SourceVersionDate "2015.10.08"]
[SourceQuality "1"]

1. e4 c5 2. Nf3 d6 3. Bb5+ Bd7 4. Bxd7+ Nxd7 5. 0-0 Ngf6 6. Qe2 e6 7. b3 Be7 8. Bb2 0-0 9. a4 Qc7 10. d3 b6 11. Nfd2 a6 12. f4 b5 13. Nc3 Rab8 14. Kh1 d5 15. axb5 axb5 16. exd5 b4 17. Nd1 Nxd5 18. f5 exf5 19. Rxf5 N7f6 20. Ne3 Nf4 21. Qf3 Ng6 22. Bxf6 Bxf6 23. Nd5 Qd6 24. Ne4 Qe6 25. Ndxf6+ gxf6 26. Rf1 1-0

[Event "CAN-ch"]
[Site "Guelph"]
[Date "2015.07.13"]
[Round "6"]
[White "Zhu, Hong Rui"]
[Black "Cao, Jason"]
[Result "1/2-1/2"]
[WhiteElo "2193"]
[BlackElo "2332"]
[PlyCount "104"]
[EventDate "2015.07.10"]
[EventType "swiss"]
[EventRounds "9"]
[EventCountry "CAN"]
[SourceTitle "CBM 167 Extra"]
[Source "ChessBase"]
[SourceDate "2015.09.14"]
[SourceVersion "1"]
[SourceVersionDate "2015.09.14"]
[SourceQuality "1"]

1. e4 c5 2. Ne2 a6 3. c4 d6 4. Nbc3 Nf6 5. d4 cxd4 6. Nxd4 e6 7. Be2 Be7 8. 0-0 0-0 9. Be3 Qc7 10. Qd2 b6 11. Rac1 Bb7 12. f3 Nbd7 13. b3 Rac8 14. Bd3 Rfe8 15. Qf2 Qb8 16. Rfd1 Ba8 17. Kh1 Bf8 18. Bf1 Rc5 19. Nde2 Rcc8 20. Nd4 Kh8 21. Kg1 Be7 22. Kh1 Rg8 23. Bd3 Ne5 24. Bf1 g5 25. Nde2 b5 26. cxb5 axb5 27. Ng3 b4 28. Na4 Nfd7 29. Ba7 Qb7 30. Bd4 Rxc1 31. Rxc1 Rc8 32. Qd2 Rxc1 33. Qxc1 Kg8 34. Nb2 Ng6 35. Nd3 d5 36. Qd2 g4 37. exd5 Qxd5 38. Ne1 Nde5 39. fxg4 Nxg4 40. Be2 Nf2+ 41. Kg1 Bc5 42. Nf3 Nh4 43. Kxf2 Nxf3 44. Bxf3 Bxd4+ 45. Kf1 Qb5+ 46. Qe2 Bc6 47. Bxc6 Qxc6 48. Qg4+ Bg7 49. Qxb4 Qa6+ 50. Ne2 Qxa2 51. Qb8+ Bf8 52. Qg3+ Bg7 1/2-1/2

[Event "CAN-ch"]
[Site "Guelph"]
[Date "2015.07.12"]
[Round "5"]
[White "Cao, Jason"]
[Black "Gentes, Kevin"]
[Result "1/2-1/2"]
[WhiteElo "2332"]
[BlackElo "2306"]
[PlyCount "99"]
[EventDate "2015.07.10"]
[EventType "swiss"]
[EventRounds "9"]
[EventCountry "CAN"]
[SourceTitle "CBM 167 Extra"]
[Source "ChessBase"]
[SourceDate "2015.09.14"]
[SourceVersion "1"]
[SourceVersionDate "2015.09.14"]
[SourceQuality "1"]

1. e4 e5 2. Nf3 Nc6 3. Bb5 a6 4. Ba4 Nf6 5. d3 b5 6. Bb3 Be7 7. 0-0 0-0 8. c3 d5 9. exd5 Nxd5 10. Re1 Qd6 11. Nbd2 Nf4 12. Ne4 Qg6 13. Bxf4 exf4 14. Kh1 Be6 15. d4 Rad8 16. Bxe6 Qxe6 17. a4 b4 18. Qd3 a5 19. Rad1 Qd5 20. c4 Qf5 21. b3 Bf6 22. d5 Nb8 23. d6 Bc3 24. Nh4 Qg4 25. Nxc3 Rxd6 26. Nd5 Qxh4 27. Qd4 Nc6 28. Qxf4 Qxf4 29. Nxf4 Nd4 30. Rd3 c5 31. Re5 Rc8 32. Ne2 f6 33. Re7 Re6 34. Rxe6 Nxe6 35. g4 Rd8 36. Rxd8+ Nxd8 37. Kg2 Kf7 38. Kf3 Ke6 39. Ke4 Kd6 40. f4 g6 41. h4 Nf7 42. Ng3 Nh6 43. g5 f5+ 44. Kf3 Ng8 45. h5 Ne7 46. h6 Ke6 47. Ne2 Nc6 48. Ke3 Kf7 49. Kd3 Ke6 50. Ke3 1/2-1/2

[Event "CAN-ch"]
[Site "Guelph"]
[Date "2015.07.12"]
[Round "4"]
[White "Hansen, Eric"]
[Black "Cao, Jason"]
[Result "1-0"]
[WhiteElo "2583"]
[BlackElo "2332"]
[PlyCount "103"]
[EventDate "2015.07.10"]
[EventType "swiss"]
[EventRounds "9"]
[EventCountry "CAN"]
[SourceTitle "CBM 167 Extra"]
[Source "ChessBase"]
[SourceDate "2015.09.14"]
[SourceVersion "1"]
[SourceVersionDate "2015.09.14"]
[SourceQuality "1"]

1. e4 c5 2. Nf3 d6 3. Bb5+ Nd7 4. 0-0 Ngf6 5. Re1 a6 6. Bf1 b6 7. c3 Bb7 8. d3 e6 9. Nbd2 Be7 10. d4 cxd4 11. cxd4 0-0 12. b3 Rc8 13. Bb2 Qc7 14. Bd3 Qb8 15. Nf1 e5 16. Ng3 Rfe8 17. d5 Nc5 18. Bf1 b5 19. a4 b4 20. a5 Rc7 21. Nd2 Bc8 22. Nc4 Bg4 23. f3 Bd7 24. Bc1 Bb5 25. Nf5 Bxc4 26. Bxc4 Bf8 27. Ne3 g6 28. Nc2 h5 29. Bd2 Rb7 30. Rf1 Kh7 31. Qe1 Bh6 32. Bxb4 Rc8 33. Kh1 Nfd7 34. Rb1 Qc7 35. Qe2 Rcb8 36. Bxc5 Nxc5 37. b4 Na4 38. Rb3 Bd2 39. Ra1 Rc8 40. Bxa6 Qxc2 41. Bxb7 Nc3 42. Qf1 Rb8 43. Rxc3 Bxc3 44. Rc1 Qd2 45. a6 Bd4 46. b5 Rf8 47. Qe1 Qd3 48. Bc6 f5 49. Rd1 Qc4 50. exf5 Rxf5 51. Rxd4 Qxd4 52. Qg1 1-0

[Event "CAN-ch"]
[Site "Guelph"]
[Date "2015.07.11"]
[Round "3"]
[White "Cao, Jason"]
[Black "Sambuev, Bator"]
[Result "1/2-1/2"]
[WhiteElo "2332"]
[BlackElo "2532"]
[PlyCount "114"]
[EventDate "2015.07.10"]
[EventType "swiss"]
[EventRounds "9"]
[EventCountry "CAN"]
[SourceTitle "CBM 167 Extra"]
[Source "ChessBase"]
[SourceDate "2015.09.14"]
[SourceVersion "1"]
[SourceVersionDate "2015.09.14"]
[SourceQuality "1"]

1. e4 e5 2. Nf3 d6 3. d4 Nf6 4. dxe5 Nxe4 5. Qd5 Nc5 6. Bg5 Qd7 7. Nc3 c6 8. Qd2 dxe5 9. Nxe5 Qxd2+ 10. Bxd2 Nbd7 11. Nxd7 Bxd7 12. 0-0-0 Be6 13. Be3 Be7 14. Be2 0-0 15. Bf3 a5 16. Ne4 Nxe4 17. Bxe4 Rfe8 18. a3 f5 19. Bf3 Kf7 20. g3 Rad8 21. h4 Rxd1+ 22. Rxd1 Bd8 23. Bd4 g6 24. a4 h5 25. Bc5 Bc7 26. Bd6 Bb6 27. Rd2 Rd8 28. Bf4 Rxd2 29. Kxd2 Bxf2 30. b3 Bb6 31. Kd3 Ke7 32. Bg5+ Kd7 33. Bf4 Bc5 34. c4 Bf7 35. Kc3 Ke6 36. Kd3 Be8 37. Bd2 Bd6 38. Bf4 Be5 39. Ke3 b5 40. Kd3 bxa4 41. bxa4 c5 42. Bd1 Bc6 43. Ke3 Bd4+ 44. Ke2 Be4 45. Kd2 Bg2 46. Be2 Bh3 47. Bf3 Be5 48. Bd5+ Kf6 49. Bg5+ Kg7 50. Bf4 Bxf4+ 51. gxf4 Bf1 52. Ke3 Kf6 53. Kf2 Bd3 54. Ke3 Bb1 55. Bc6 Ke7 56. Bb5 Be4 57. Kf2 Bb7 1/2-1/2

[Event "World op 43rd"]
[Site "Arlington"]
[Date "2015.07.04"]
[Round "6"]
[White "Tarhon, Brian"]
[Black "Cao, Jason"]
[Result "0-1"]
[WhiteElo "2209"]
[BlackElo "2332"]
[PlyCount "94"]
[EventDate "2015.07.01"]
[EventType "swiss"]
[EventRounds "9"]
[EventCountry "USA"]
[SourceTitle "CBM 167 Extra"]
[Source "ChessBase"]
[SourceDate "2015.09.14"]
[SourceVersion "1"]
[SourceVersionDate "2015.09.14"]
[SourceQuality "1"]

1. e4 c5 2. Nf3 d6 3. d4 cxd4 4. Nxd4 Nf6 5. Nc3 a6 6. Bg5 Nbd7 7. f3 e6 8. Qd2 b5 9. a3 Bb7 10. h4 Be7 11. 0-0-0 0-0 12. g4 Rc8 13. Be2 Nb6 14. Kb1 Nc4 15. Bxc4 Rxc4 16. Be3 Qc7 17. h5 Rc8 18. g5 Nd7 19. g6 Rxc3 20. gxf7+ Kxf7 21. Qxc3 Qxc3 22. bxc3 Rxc3 23. Bc1 Nb6 24. Nb3 Rxf3 25. Rhf1 Rxf1 26. Rxf1+ Bf6 27. Bg5 Bxe4 28. Nd2 Bf5 29. Bxf6 gxf6 30. Rg1 e5 31. Nf3 h6 32. Kb2 d5 33. Kc3 d4+ 34. Kb4 Bxc2 35. Ka5 Nc4+ 36. Kxa6 Nxa3 37. Ka5 Be4 38. Nh4 d3 39. Kb4 d2 40. Kxa3 Bc2 41. Nf5 d1Q 42. Nxh6+ Ke6 43. Rxd1 Bxd1 44. Kb4 Bxh5 45. Kxb5 f5 46. Kc5 Bf7 47. Kc6 e4 0-1

[Event "Richmond Keres Memorial 40th"]
[Site "Richmond"]
[Date "2015.05.18"]
[Round "6.1"]
[White "Cao, Jason"]
[Black "Pechisker, Alfred"]
[Result "1/2-1/2"]
[WhiteElo "2409"]
[BlackElo "2250"]
[PlyCount "56"]
[EventDate "2015.05.16"]
[EventType "swiss"]
[EventRounds "6"]
[EventCountry "CAN"]
[SourceTitle "EXT 2019"]
[Source "ChessBase"]
[SourceDate "2018.10.10"]
[SourceVersion "1"]
[SourceVersionDate "2018.10.10"]
[SourceQuality "1"]

1. e4 c5 2. Nf3 d6 3. d4 cxd4 4. Nxd4 Nf6 5. Nc3 a6 6. Be3 e5 7. Nb3 Be6 8. f3 h5 9. Qd2 Be7 10. Be2 Nbd7 11. Nd5 Bxd5 12. exd5 b5 13. a4 bxa4 14. Rxa4 Nb6 15. Ra5 0-0 16. 0-0 Qc7 17. Rfa1 Rfb8 18. Bxa6 Nbxd5 19. Bf2 Nb4 20. Bf1 Rxa5 21. Nxa5 Qxc2 22. Qxc2 Nxc2 23. Nc6 Nxa1 24. Nxb8 Nb3 25. Nc6 Kf8 26. Bc4 Nc5 27. Bxc5 dxc5 28. Nxe5 Ne8 1/2-1/2

[Event "Richmond Keres Memorial 40th"]
[Site "Richmond"]
[Date "2015.05.18"]
[Round "5.1"]
[White "Orlov, Georgi"]
[Black "Cao, Jason"]
[Result "0-1"]
[WhiteElo "2536"]
[BlackElo "2409"]
[PlyCount "82"]
[EventDate "2015.05.16"]
[EventType "swiss"]
[EventRounds "6"]
[EventCountry "CAN"]
[SourceTitle "EXT 2019"]
[Source "ChessBase"]
[SourceDate "2018.10.10"]
[SourceVersion "1"]
[SourceVersionDate "2018.10.10"]
[SourceQuality "1"]

1. d4 Nf6 2. c4 e6 3. Nf3 b6 4. g3 Ba6 5. Qa4 c5 6. Bg2 Bb7 7. 0-0 cxd4 8. Nxd4 Bxg2 9. Kxg2 Qc8 10. Bf4 Be7 11. Nb5 Qc6+ 12. f3 0-0 13. N1c3 Rc8 14. Rfd1 Ne8 15. Rac1 d6 16. Qa3 Rd8 17. Ne4 a6 18. Nbxd6 f5 19. c5 fxe4 20. Qb3 Bxd6 21. Qxe6+ Kh8 22. cxd6 exf3+ 23. exf3 Qb5 24. b3 Nf6 25. a4 Qh5 26. h4 Nbd7 27. g4 Qg6 28. Qc4 b5 29. Qd4 bxa4 30. bxa4 Re8 31. Re1 Nxg4 32. fxg4 Qxg4+ 33. Kf1 Rxe1+ 34. Kxe1 Re8+ 35. Kd2 Qe2+ 36. Kc3 Re4 37. Kb3 h6 38. Qa7 Qd3+ 39. Rc3 Qb1+ 40. Ka3 Qb4+ 41. Ka2 Re2+ 0-1